000 00507nam a2200169Ia 4500
003 IN-BaIIA
008 211028s9999 xx 000 0 eng d
020 _a81-7028-0028
040 _cIIA Library
080 _a(038)=914.3 =20
_bBAH
100 _aBahri, H.
_919886
245 0 _aLearner's hindi-english dictionay
_cH. Bahri
260 _aDelhi
_bRajpal and sons
_c1995
300 _axix, 758p.
650 _aHindi-English Dictionary
_919888
942 _cBK
999 _c11574
_d11574